000 00764nam a2200229 i 4500
001 172603
003 ES-MaACL
005 20250912063054.0
008 090724s1977 sp |||| | spa d
017 _aM 13507-1977
020 _a84-7436-110-9
080 _a329(46)Carlista
100 1 _aZavala y Castella, José María de
_9141117
245 1 0 _aPartido Carlista /
_c[por] José María de Zavala.
260 _aBilbao :
_bAlbia,
_c1977.
300 _a154 p., [2] h. ;
_c18 cm.
490 1 _aAlbia política. Partidos políticos
610 2 _aPartido Carlista.
_96133
830 0 _aAlbia política. Partidos políticos
_9223381
852 4 _aES-MaACL
_jE-12892
_9R.139259
_z. - Biblioteca Jacinto Martínez Lacalle
999 _c172603
_d172603